Responses for Show #2466 - Monday, May 1, 1995

1995 College Championship quarterfinal game 1.

Contestants

[<< previous game]

Neal Vermillion, a senior from Illinois Wesleyan University

JL McHenry, a senior from Tufts University

Andrea Mazza, a junior from University of Missouri

[next game >>]

Jeopardy! Round responses

LINCOLN
MEMORIALS
MATH
STAND-UP SITCOMS
THE 1800s
"G" WHIZ!
    $100 11
Declaration of Independence

Andrea
    $100 22
Mount Rushmore

Neal
    $100 26
division

Neal
    $100 1
Seinfeld

JL
    $100 5
AFL

Neal
    $100 9
gold

Neal
    $200 13
Mary Todd

JL
    $200 23
Berlin Wall

JL
    $200 27
radius

JL
    $200 2
Grace Under Fire

JL
    $200 6
Central, Mountain, Pacific & Eastern

JL
    $200 14
green cheese

JL
    $300 16
Springfield

JL
    $1,000 19
United Nations

Neal
    $300 28
decagon

Neal
    $300 3
Tim Allen

JL
    $300 7
Statue of Liberty

Neal
    $300 15
Georgia

Andrea
    $400 17
Stephen Douglas

Andrea
    $400 20
Wright Brothers

Neal
    $400 29
null

Neal
    $400 4
Ellen DeGeneres

Neal
    $400 8
Orient Express

JL
    $400 24
Greece

Andrea
    $500 18
Dred Scott

Neal
    $500 21
Kennedy Center

Neal
    $500 30
X, Y & Z

Neal
    $500 12
(Andrea: Who is Margaret Chow?)

Margaret Cho

Andrea
Triple Stumper
    $500 10
Nikola Tesla

Triple Stumper
    $500 25
(Neal: What's the orangutan?)

gibbon

Neal
Triple Stumper

Scores at the first commercial break (after clue 13):

Andrea JL Neal
-$400 $1,400 $900

Scores at the end of the Jeopardy! Round:

Andrea JL Neal
$700 $2,300 $4,200

Double Jeopardy! Round responses

ANCIENT TIMES
BALLET
U.S. GEOGRAPHY
SPACE EXPLORERS
PLANTS & TREES
NONFICTION
    $200 6
chariot

Andrea
    $200 30
Icarus

JL
    $200 1
Mississippi

Andrea
    $200 16
Challenger

Andrea
    $200 21
Netherlands

Neal
    $200 7
Paul Reiser

JL
    $400 9
mausoleum

JL
    $400 29
rubies

Neal
    $400 2
(Neal: What is Miami?)

Jacksonville

Neal
Triple Stumper
    $400 17
Sally Ride

JL
    $400 22
(Andrea: What's corn?)

soybeans

Andrea
Triple Stumper
    $400 8
Dalai Lama

Neal
    $600 10
Tigris

Triple Stumper
    $600 27
Anastasia

Andrea
    $600 3
Monument Valley

Triple Stumper
    $600 18
spacewalk

Neal
    $600 23
legumes

Andrea
    $600 13
Gray

JL
    $1,000 11
(JL: Who are the Etruscans?)

Egypt

JL
    $800 26
(Andrea: What is Swan Lake?)

Sleeping Beauty

Andrea
Triple Stumper
    $900 4
(Andrea: What is the Allegheny?)

Niagara

Andrea
    $800 19
Gagarin

Neal
    $800 24
(JL: What is the sequoia?)
(Alex: Be more specific.)
(JL: Um...)
(Neal: What are the giant sequoias?)
...
(Alex: We have about a minute to go, Andrea.)

redwood

JLNeal
Triple Stumper
    $800 14
John Philip Sousa

Neal
    $1000 12
Ur

Neal
    $1000 25
Nijinsky

Triple Stumper
    $1000 5
Ozarks

Neal
    $1000 20
(Michael) Collins

Neal
    $1000 28
saguaro

Triple Stumper
    $1000 15
John Muir

Neal

Scores at the end of the Double Jeopardy! Round:

Andrea JL Neal
$400 $2,300 $10,200
(lock game)

Final Jeopardy! Round responses

SCIENCE HISTORY
AndreaWhat are metallurgists
$400
JLWhat are alchemists?
$2,300
NealWhat is are bankers?
$5,000
alchemists

Final scores:

Andrea JL Neal
$0 $4,600 $5,200
3rd place: $1,000 if eliminated 2nd place: $1,000 if eliminated Automatic semifinalist

Game dynamics:

Coryat scores:

Andrea JL Neal
$1,300 $3,300 $9,500
9 R,
4 W
(including 1 DD)
15 R,
2 W
(including 1 DD)
23 R
(including 1 DD),
3 W

Combined Coryat: $14,100

[game clues] [game scores] [suggest correction]

Game tape date: 1995-04-01
The J! Archive is created by fans, for fans. Scraping, republication, monetization, and malicious use prohibited; this site may use cookies and collect identifying information. See terms. The Jeopardy! game show and all elements thereof, including but not limited to copyright and trademark thereto, are the property of Jeopardy Productions, Inc. and are protected under law. This website is not affiliated with, sponsored by, or operated by Jeopardy Productions, Inc. Join the discussion at JBoard.tv.